00584nam a2200193Ia 450000500170000000800410001702000150005808200130007310000140008624500860010026000310018630000180021765000140023565000120024965000130026194200060027495200950028099900150037520240815043347.0240331s9999 xx 000 0 und d a0750706929 bHALa409 aHalocha,J 0aCoordinating geography across the primary school :bthe subject leader's handbook aLondonbFalmer pressc1998 axii, 174 p ., aReligious aHistory aPhysical cL 001040708LaWERCLbWERCLcSSCd2024-03-31l0o 409 HALp4291r2024-03-31w2024-03-31yL c3041d3041